000 00717nam a2200253 a 4500
008
020 _a0137813457 (pbk.)
049 _aMAIN
090 _aHG173
_bBOD
100 _aBodie, Zvi.
245 0 _aFinance /
_cZvi Bodie and Robert C. Merton.
250 _aPreliminary Edition.
260 _aUpper Saddle River :
_bPrentice Hall,
_c1998.
300 _axviii, 442 p. :
_bill. ;
_c25 cm.
500 _aIncludes index.
504 _aIncludes bibliographical references.
650 _aFinance.
700 _aMerton, Robert C.
907 _a.b10296463
_b12-12-11
_c19-05-11
003
005 20230123125253.0
040 _cNUST
942 _cBOOKS
_kHG173
_mBOD
999 _c138654
_d138654